La extinción de las especies : evoluación, causas y efectos (Registro nro. 194014)
[ vista simple ]
| 000 -LEADER | |
|---|---|
| campo de control de longitud fija | 00873nam a2200289Ia 4500 |
| 005 - FECHA Y HORA DE LA ÚLTIMA TRANSACCIÓN | |
| campo de control | 20250425160700.0 |
| 008 - DATOS DE LONGITUD FIJA--INFORMACIÓN GENERAL | |
| campo de control de longitud fija | 250425s9999 xx 000 0 und d |
| 020 ## - NÚMERO INTERNACIONAL ESTÁNDAR DEL LIBRO | |
| Número Internacional Estándar del Libro | 9586002691 |
| 041 ## - CÓDIGO DE IDIOMA | |
| Código de lengua del texto/banda sonora o título independiente | spa |
| 043 ## - CÓDIGO DE ÁREA GEOGRÁFICA | |
| Código de área geográfica | ck |
| 082 ## - NÚMERO DE LA CLASIFICACIÓN DECIMAL DEWEY | |
| Número de clasificación | 574.5 |
| Iniciales del Autor | ERI |
| 010 ## - NÚMERO DE CONTROL DE LA BIBLIOTECA DEL CONGRESO | |
| Número de control de LC | 2185 |
| 100 ## - ENTRADA PRINCIPAL--NOMBRE DE PERSONA | |
| Nombre de persona | Erickson, Jon |
| 245 #0 - MENCIÓN DEL TÍTULO | |
| Título | La extinción de las especies : evoluación, causas y efectos |
| 250 ## - MENCION DE EDICION | |
| Mención de edición | Primera edición |
| 260 ## - PUBLICACIÓN, DISTRIBUCIÓN, ETC. | |
| Lugar de publicación, distribución, etc. | Bogotá |
| Nombre del editor, distribuidor, etc. | McGraw Hill Interamericana |
| Fecha de publicación, distribución, etc. | 1994 |
| 260 ## - PUBLICACIÓN, DISTRIBUCIÓN, ETC. | |
| -- | |
| Nombre del editor, distribuidor, etc. | MCGRAW-HILL |
| 300 ## - DESCRIPCIÓN FÍSICA | |
| Extensión | 212 páginas |
| Otras características físicas | ilustraciones |
| Dimensiones | 21 cm. |
| 500 ## - NOTA GENERAL | |
| Nota general | Título Traducido: DYING PLANET. THE EXTINCTION OF SPECIES |
| 504 ## - NOTA DE BIBLIOGRAFÍA, ETC. | |
| Nota de bibliografía, etc. Nota | Incluye bibliografía e índice |
| 650 ## - PUNTO DE ACCESO ADICIONAL DE MATERIA--TÉRMINO DE MATERIA | |
| Término de materia o nombre geográfico como elemento de entrada | evolución de las especies |
| 650 ## - PUNTO DE ACCESO ADICIONAL DE MATERIA--TÉRMINO DE MATERIA | |
| Término de materia o nombre geográfico como elemento de entrada | Glaciaciones |
| 650 ## - PUNTO DE ACCESO ADICIONAL DE MATERIA--TÉRMINO DE MATERIA | |
| Término de materia o nombre geográfico como elemento de entrada | Origen de la vida |
| 700 ## - ENTRADA AGREGADA--NOMBRE PERSONAL | |
| Nombre de persona | ESPAÑOL ECHANIZ, IGNACIO |
| Término indicativo de función/relación | traductor |
| 902 ## - ELEMENTOS DE DATOS B LOCAL, LDB (RLIN) | |
| a | Monográfico |
| c | Impreso |
| 942 ## - ELEMENTOS DE ENTRADA SECUNDARIOS (KOHA) | |
| Tipo de ítem Koha | Libros |
| Estatus retirado | Estado de pérdida | Estado de daño | No para préstamo | Biblioteca de origen | Biblioteca actual | Fecha de adquisición | Coste, precio normal de compra | Etiqueta RFID | Total de préstamos | Código de barras | Copia número | Tipo de ítem Koha | Nota pública |
|---|---|---|---|---|---|---|---|---|---|---|---|---|---|
| CENTRO DE INFORMACIÓN BIBLIOTECARIA | CENTRO DE INFORMACIÓN BIBLIOTECARIA | 04/05/2005 | 15.00 | 0000000000000000036900 | 60148 | 5 | Libros | ESPOL.FIMCBOR:TURISMO | |||||
| CENTRO DE INFORMACIÓN BIBLIOTECARIA | CENTRO DE INFORMACIÓN BIBLIOTECARIA | 04/05/2005 | 15.00 | 0000000000000000036913 | 60170 | 8 | Libros | ESPOL. FIMCBOR: TURISMO |